000 00696 a2200181 4500
999 _c400
_d400
020 _a0393924971
050 0 0 _aBF121GAZ 2006
100 1 _aGazzaniga, Michael S.
245 1 0 _aPsychological science /
_cMichael S. Gazzaniga, Todd F. Heatherton.
264 _aNew York :
_bW.W Norton and company.,
_c2006
300 _axliii, 657. [81] p. :
_bill. (some col.) ;
500 _aIncludes bibliographical references and indexes.
504 _aIncludes bibliographical references and indexes.
650 0 _aPsychology
700 1 _aHeatherton, Todd F.
942 _2lcc
_cBK
_h121
_iGAZ
_kBF